Gaming Quiz

Random Gaming or Video Games Quiz

Dungeon Boss Hero Traits Quiz Stats

 Plays Quiz not verified by Sporcle

Score 0/25 Timer 06:00
0 Plays Today
% Correct
Lady Nimriel
85.5%
Phenol Thoxian
81.8%
Icebloom
80.9%
Pignius Maximus
80.5%
The Furnace
77.3%
Tsume
75.5%
Kai Makani
70.5%
Kozar Bonebreaker
67.7%
Abigail the Brutal
65.9%
King Yorick
65%
Hansuke Undying
64.1%
Sir William
63.6%
Leonidus
59.1%
% Correct
Zen
57.7%
Lord Zomm
55.5%
Icepick
55%
Augustus
53.6%
Cobressa
53.6%
Dagrund Blacksmoke
51.8%
Shieldmaiden Astrid
49.1%
Indigo
48.6%
Black Diamond
47.7%
Shadow Queen Daeris
45%
Shadowblade
42.3%
Viperia
39.1%

You're not logged in!

Compare scores with friends on all Sporcle quizzes.
OR
Log In

Sporcle TV

Today on Sporcle TV


Watch our educational content, quiz creation guides, and fun videos on Sporcle TV.

Show Comments

Extras

Top Quizzes Today


Score Distribution

Your Account Isn't Verified!

In order to create a playlist on Sporcle, you need to verify the email address you used during registration. Go to your Sporcle Settings to finish the process.

Report this User

Report this user for behavior that violates our Community Guidelines.

Details: